| 000 | 00640 a2200241 4500 | ||
|---|---|---|---|
| 005 | 20260427163618.0 | ||
| 008 | 260427b |||||||| |||| 00| 0 eng d | ||
| 020 |
_a9780367404697 _c£ 80.99 |
||
| 040 | _aMAIN | ||
| 082 |
_a791.45 _bB358M(5) |
||
| 100 | _aBeadle, Mary E | ||
| 245 | _aBroadcast announcing worktext: Media performance guide | ||
| 250 | _a5th | ||
| 260 |
_bRoutledge _c2020 _aNew York |
||
| 300 | _axxi, 306 | ||
| 650 | _aBroadcasting- Announcing | ||
| 650 | _aRadio Announcing | ||
| 650 | _aTelevision Announcing | ||
| 650 | _aMass | ||
| 700 | _aSmith, Reed W | ||
| 700 | _aStephenson, Alan R | ||
| 942 | _cBK | ||
| 999 |
_c397293 _d397293 |
||